Women in 21st Century/ (Record no. 207457)
[ view plain ]
| 000 -LEADER | |
|---|---|
| fixed length control field | 00565nam a22001817a 4500 |
| 005 - DATE AND TIME OF LATEST TRANSACTION | |
| control field | 20241206115410.0 |
| 010 ## - LCCN (DPL NO) | |
| LC control number | ENG-142884 |
| 020 ## - INTERNATIONAL STANDARD BOOK NUMBER | |
| International Standard Book Number | 9789393166050 |
| Terms of availability | 1200.00 |
| 035 ## - SYSTEM CONTROL NUMBER | |
| System control number | EN-126416 |
| 037 ## - SOURCE OF ACQUISITION | |
| Source of stock number/acquisition | DBAD |
| 082 ## - DEWEY DECIMAL CLASSIFICATION NUMBER | |
| Classification number | 305.4 |
| Edition number | 1 |
| 245 ## - TITLE STATEMENT | |
| Title | Women in 21st Century/ |
| Statement of responsibility, etc | Edited by Ruchi Ramesh |
| 260 ## - PUBLICATION, DISTRIBUTION, ETC. (IMPRINT) | |
| Place of publication, distribution, etc | Kanpur |
| Name of publisher, distributor, etc | Social research foundation |
| 270 ## - ADDRESS | |
| City | kanpur |
| Address | 128/170,H-block,kidwai nagar |
| Postal code | 208011 |
| Telephone number | 0512-2600745 |
| -- | 9335332333 |
| 300 ## - PHYSICAL DESCRIPTION | |
| Extent | 11,180p. |
| Dimensions | 21cm (hbk) |
| 700 ## - ADDED ENTRY--PERSONAL NAME | |
| Personal name | Ramesh, Ruchi |
| Relator term | Editor |
| 9 (RLIN) | 74771 |
| 942 ## - ADDED ENTRY ELEMENTS (KOHA) | |
| Source of classification or shelving scheme | Dewey Decimal Classification |
| Item type | English Books |
| Classification part | 305.4 |
| Call number suffix | WOM |
| Withdrawn status | Lost status | Not for loan | Collection code | Home library | Current library | Date acquired | Source of acquisition | Cost, normal purchase price | Full call number | Barcode | Copy number | Cost, replacement price | Koha item type |
|---|---|---|---|---|---|---|---|---|---|---|---|---|---|
| Non-fiction | Central Library | Central Library | 06/12/2024 | Delivery of Books Act Division | 1200.00 | 305.4 WOM | EN-126416 | 1 | 1200.00 | English Books |
